| 000 | 00725cam a2200133 4500500 | ||
|---|---|---|---|
| 005 | 20251228063027.0 | ||
| 041 | _afre | ||
| 042 | _adc | ||
| 245 | 0 | 0 | _aFABRI, Marco; JEAN, Jean-Paul; LANGBROEK, Philip; PAULIAT, Hélène, L’administration de la justice en Europe et l’évaluation de sa qualité. Paris (France) : Montchrestien (www.lgdj.fr/lgdj/consultation. php), 2005. 449 p. (Grands Colloques). ISBN:2-7076-1412-2. € 33,00 |
| 260 | _c2005. | ||
| 500 | _a5 | ||
| 786 | 0 | _nRevue Internationale des Sciences Administratives | 71 | 3 | 2005-09-01 | p. 567i-570i | 0303-965X | |
| 856 | 4 | 1 | _uhttps://droit.cairn.info/revue-internationale-des-sciences-administratives-2005-3-page-567i?lang=fr&redirect-ssocas=7080 |
| 999 |
_c1588755 _d1588755 |
||